Normal view
MARC view
Entry Personal Name
001 - CONTROL NUMBER
- control field: 11286
003 - CONTROL NUMBER IDENTIFIER
- control field: BD-RjUL
005 - DATE AND TIME OF LATEST TRANSACTION
- control field: 20240130154211.0
008 - FIXED-LENGTH DATA ELEMENTS
- fixed length control field: 240130|| aca||aabn | a|a d
040 ## - CATALOGING SOURCE
- Original cataloging agency: BD-RjUL
- Transcribing agency: BD-RjUL
100 ## - HEADING--PERSONAL NAME
- Personal name: রহমান, মুহাম্মদ মুজিবুর
670 ## - SOURCE DATA FOUND
- Source citation: Work cat.: (BD-RjUL)82872: রহমান, মুহাম্মদ মুজিবুর , বাংলা ভাষায় কুরআন চর্চা /, ১৯৯১